000 00303nam a22001337a 4500
008 170728b xxu||||| |||| 00| 0 eng d
020 _a9781590599259
041 _aeng
080 _a004
100 _a31
101 _aSHK
245 _aXNA 2.0 GAME PROGRAMMING RECIPES
_cGROOTJANS,R
942 _2udc
_cBK
999 _c22095
_d22095